| 000 | 00985cam a2200253 a 4500 | ||
|---|---|---|---|
| 005 | 20150825110240.0 | ||
| 008 | 900824s1989 mx r 00010 spa d | ||
| 020 | _a9682428300 | ||
| 040 |
_ala _cla _dCO-BoIAVH |
||
| 041 | 0 | _aspa | |
| 044 | _amx | ||
| 082 | 0 | 4 |
_a591.07 _bB41e |
| 100 | 1 | _aBegon, Michael. | |
| 245 | 1 | 0 |
_aEcología animal : _bmodelos de cuantificación de poblaciones / _cMichael Begon. |
| 260 |
_aMéxico : _bEditorial trillas, _c1989. |
||
| 300 |
_a136 p. ; _c23 cm. _btablas, formulas. |
||
| 500 | _aIncluye índices onosmástico y analítico. | ||
| 504 | _aIncluye referencias bibliográficas (Páginas 127-129). | ||
| 505 | _aCap. 1 Contexto. Cap. 2 Los modelos. Cap. 3 Interpretación. Cap. 4 Comprobación de los supuestos. Cap. 5 Aspectos prácticos. | ||
| 650 | 6 |
_aEcología animal _x Modelos matemáticos. |
|
| 650 | 6 |
_aEcología _x Modelos matemáticos. |
|
| 650 | 6 | _aDiseño experimental. | |
| 942 |
_2ddc _cLIBRO |
||
| 999 |
_c17707 _d17707 |
||